Movies Quiz

Random Movies or Actor Quiz

Batman Actors By Movies Quiz Stats

 Plays Quiz Updated Jun 27, 2016

Also try: Actors by Movies
Challenge
Share
Tweet
Embed
Score 0/30 Timer 04:00
0 Plays Today
Movies Actor/Actress % Correct
Liar Liar, Yes Man, The Truman ShowJim Carrey
94.8%
10 Things I Hate About You, Brokeback Mountain, A Knight's TaleHeath Ledger
94.2%
Ocean's Eleven, Michael Clayton, Up in the AirGeorge Clooney
93.1%
Argo, Good Will Hunting, Gone GirlBen Affleck
93%
Empire of the Sun, American Psycho, The FighterChristian Bale
90.3%
The Shining, The Departed, As Good As It GetsJack Nicholson
87.2%
Driving Miss Daisy, Million Dollar Baby, The Shawshank RedemptionMorgan Freeman
87.2%
No Country for Old Men, Men in Black, The FugitiveTommy Lee Jones
83.3%
Kill Bill: Vol. 1, Pulp Fiction, GattacaUma Thurman
80.7%
Beetlejuice, The Other Guys, The PaperMichael Keaton
78.9%
Schindler's List, Clash of the Titans, TakenLiam Neeson
75.8%
E.T., Never Been Kissed, 50 First DatesDrew Barrymore
73.4%
The Devil Wears Prada, Love and Other Drugs, Bride WarsAnne Hathaway
64.4%
One Flew Over the Cuckoo's Nest, Twins, Romancing the StoneDanny DeVito
63.7%
Clueless, Blast from the Past, The CrushAlicia Silverstone
61.8%
Movies Actor/Actress % Correct
Inception, 50/50, 500 Days of SummerJoseph Gordon-Levitt
60%
Air Force One, Tinker Tailor Soldier Spy, The Fifth ElementGary Oldman
57.3%
The Terminator, Total Recall, PredatorArnold Schwarzenegger
51.4%
The Quiet American, The Cider House Rules, Dirty Rotten ScoundrelsMichael Caine
50.7%
Dangerous Minds, What Lies Beneath, Dark ShadowsMichelle Pfeiffer
45.4%
8 Mile, L.A. Confidential, Nine 1/2 WeeksKim Basinger
44.6%
Eyes Wide Shut, The Hours, Days of ThunderNicole Kidman
43.2%
Reversal of Fortune, The Mission, The Lion KingJeremy Irons
42.2%
Donnie Darko, Crazy Heart, SecretaryMaggie Gyllenhaal
39.2%
Real Genius, Top Gun, HeatVal Kilmer
39%
Pulp Fiction, The Deer Hunter, Catch Me If You Can Christopher Walken
36.6%
This Means War, Inception, WarriorTom Hardy
32.8%
Scent of a Woman, Kinsey, The Three MusketeersChris O'Donnell
30.7%
Thank You for Smoking, Black Dahlia, Battle Los AngelesAaron Eckhart
29.9%
Shane, City Slickers, Young GunsJack Palance
17.7%

You're not logged in!

Compare scores with friends on all Sporcle quizzes.
OR
Log In

You Might Also Like...

Show Comments

Extras

Top Quizzes Today


Score Distribution

Your Account Isn't Verified!

In order to create a playlist on Sporcle, you need to verify the email address you used during registration. Go to your Sporcle Settings to finish the process.

Report this User

Report this user for behavior that violates our Community Guidelines.

Details: